000 01034cam a2200217 4500
001 WB3917-06
008 030508n2003 000 0 eng u
035 _a(Sirsi) u122218
245 _aFuel Cells UK launch
260 _c2003
490 _aDTI Press Release
_v(P/2003/283) 7 May 2003 (2)
520 _aA new body to help the development of fuel cell technology was launched at the DTI. Fuel Cells UK aims to drive forward the emerging UK sector by helping raise the profile of the fuel cell industry in the UK and act as a central point of contact for companies. Government sees fuel cell technology as a major potential contributor towards the UK becoming a low carbon economy. http://www.gnn.gov.uk/gnn/national.nsf/Daily+News/264571794DDEC1E080256D1F004F820E?opendocument.
590 _aWB
650 _aDTI
650 _aFUEL CELL TECHNOLOGY
650 _aLOW-CARBON ECONOMY
650 _aCARBON DIOXIDE EMISSIONS
650 _aRENEWABLE ENERGY
690 _aENVIRONMENTAL AND LAND CONSULTANCY-ENERGY
942 _n0
999 _c72638
_d72638